000 02428nam0a2200421 4500
001 RU\NLR\BIBL_A\011914834
005 20260407084331.0
020 _aRU
_b[1651]
_9Сводный каталог листовок первых лет Советской власти (25 октября (7 ноября) 1917 - 1925) Т.6. Листовки органов военного управления отдельных воинских соединений и частей военных организаций и учреждений
035 _a(NLR Aleph) 011914834
090 _a10957021
_c10957021
100 _a20190122d1918 |||y0rusy50 ca
101 0 _arus
_aest
102 _aRU
105 _ay z 000zy
135 _acrcn 024apada
200 1 _aЧто может дать правительство Яна Тыниссона?
_e[листовка]
210 _a[Пг.
_cб. и.
_d1918]
215 _a1 с.
_d25х14
300 _aПодпись: Политический отдел 7 Армии
300 _aНа эстон. яз.
325 1 _aКопия доступна в Электронной библиотеке РНБ
327 1 _aРазоблачение антинародной сущности временного буржуазного правительства Эстонии
540 1 _aРазоблачение антинародной сущности временного буржуазного правительства Эстонии
607 _aРСФСР
_jЛистовки
_xПолитика и управление
_y1917 - 1925
_92312782
_3RU\NLR\auth\6601609564
686 0 _aТ3(2)71-313,011
686 1 _aТ3(4Э)61-5,011
702 1 _4570
_7ca
_8rus
_aТыниссон
_bЯ.
_cполит. и гос. деятель
_f1868-ок.1941
_gЯн
_9200578
_3RU\NLR\AUTH\770200629
711 0 2 _aАрмия
_bПолитический отдел
_c7; 1918-1920
_9297507
_3RU\NLR\AUTH\8812371
852 0 0 _aNLR
_bФЛ
_j65/159
942 _cBOOK
980 _aNB
981 2 1 _a(21) Листовки
_b(21) Листовки 1918 года
981 2 2 _a(22) Материалы по истории России
_b(22) История России с 25 октября (7 ноября) 1917 года